Chartered surveyors launch property advice line (Record no. 81534)
[ view plain ]
| 000 -LEADER | |
|---|---|
| fixed length control field | 01085cad a22002175a 4500 |
| 001 - CONTROL NUMBER | |
| control field | E147437 |
| 008 - FIXED-LENGTH DATA ELEMENTS--GENERAL INFORMATION | |
| fixed length control field | 090511e20090511xxk f 001 0 eng d |
| 035 ## - SYSTEM CONTROL NUMBER | |
| System control number | (Sirsi) u147437 |
| 041 0# - LANGUAGE CODE | |
| Language code of text/sound track or separate title | eng |
| 110 2# - MAIN ENTRY--CORPORATE NAME | |
| Corporate name or jurisdiction name as entry element | Royal Institution of Chartered Surveyors |
| 9 (RLIN) | 4900 |
| 245 00 - TITLE STATEMENT | |
| Title | Chartered surveyors launch property advice line |
| Medium | [electronic resource] |
| 260 ## - PUBLICATION, DISTRIBUTION, ETC. | |
| Date of publication, distribution, etc. | 2009 |
| 490 #0 - SERIES STATEMENT | |
| Series statement | RICS Press Release |
| Volume/sequential designation | 11 May 2009 |
| 520 ## - SUMMARY, ETC. | |
| Summary, etc. | RICS has launched Charity Property Help, a service through which Chartered Surveyors will provide free advice to voluntary organisations on all property related issues. 37 property firms have already registered to join RICS Charity Property Help, which will provide registered charities and voluntary organisations a one hour consultation with a member firm or an RICS member free of charge. |
| 590 ## - LOCAL NOTE (RLIN) | |
| Local note | KA |
| 650 24 - SUBJECT ADDED ENTRY--TOPICAL TERM | |
| Topical term or geographic name entry element | RICS CHARITY PROPERTY HELP |
| 651 #4 - SUBJECT ADDED ENTRY--GEOGRAPHIC NAME | |
| Geographic name | United Kingdom |
| Chronological subdivision | |
| 690 ## - LOCAL SUBJECT ADDED ENTRY--TOPICAL TERM (OCLC, RLIN) | |
| Topical term or geographic name as entry element | PROPERTY |
| 856 40 - ELECTRONIC LOCATION AND ACCESS | |
| Uniform Resource Identifier | <a href="https://www.rics.org/RICSWEB/getpage.aspx?p=AIXIU8c9kkSVIKqvv53Ngg">https://www.rics.org/RICSWEB/getpage.aspx?p=AIXIU8c9kkSVIKqvv53Ngg</a> |
| Public note | View the news release free of charge at www.rics.org... |
| 942 ## - ADDED ENTRY ELEMENTS (KOHA) | |
| Suppress in OPAC | 0 |
| Withdrawn status | Lost status | Source of classification or shelving scheme | Damaged status | Not for loan | Home library | Current library | Shelving location | Date acquired | Total Checkouts | Full call number | Barcode | Date last seen | Copy number | Price effective from | Koha item type |
|---|---|---|---|---|---|---|---|---|---|---|---|---|---|---|---|
| Dewey Decimal Classification | Virtual | Virtual | Online | 11/05/2009 | ONLINE PUBLICATION | 147437-2001 | 06/08/2019 | 1 | 06/08/2019 | Journal article |